| 000 | 00451nam a2200169Ia 4500 | ||
|---|---|---|---|
| 999 |
_c99 _d99 |
||
| 003 | OSt | ||
| 005 | 20201223105344.0 | ||
| 008 | 190216s9999||||xx |||||||||||||| ||und|| | ||
| 040 | _coclc | ||
| 082 |
_a297.122 _bQUR/Q |
||
| 100 | _aNull | ||
| 245 | 0 | _aQur`An Karim / | |
| 260 |
_bMaktabah Wa Matvaah Al Mashadil Husayni, _aCoiro: _c1961. |
||
| 300 | _a467p | ||
| 650 | _aQur`An | ||
| 942 |
_cREF _2ddc _h297.122 _iQUR/Q _k297.122 _mQUR/Q |
||